Theory and Problems of Computers and Programming (Record no. 541629)
[ view plain ]
| 000 -LEADER | |
|---|---|
| fixed length control field | 01342nam a22003737a 4500 |
| 022 ## - INTERNATIONAL STANDARD SERIAL NUMBER | |
| International Standard Serial Number | 0070990719 |
| 082 ## - DEWEY DECIMAL CLASSIFICATION NUMBER | |
| Classification number | 005 |
| Author Mark | SCH |
| -- | L-25, P-17 |
| 100 ## - MAIN ENTRY--PERSONAL NAME | |
| Personal name | Scheid, Francis |
| 9 (RLIN) | 8741 |
| 245 ## - TITLE STATEMENT | |
| Title | Theory and Problems of Computers and Programming |
| 260 ## - PUBLICATION, DISTRIBUTION, ETC. | |
| Place of publication, distribution, etc. | Singapore |
| Name of publisher, distributor, etc. | McGraw Hill Book Company |
| Date of publication, distribution, etc. | 1983 |
| 300 ## - PHYSICAL DESCRIPTION | |
| Extent | 402p. |
| Dimensions | 28cm. |
| 526 ## - STUDY PROGRAM INFORMATION NOTE | |
| Program name | 0 |
| Interest level | 0 |
| Reading level | 0 |
| Title point value | 005_000000000000000_SCH |
| 526 ## - STUDY PROGRAM INFORMATION NOTE | |
| Program name | 0 |
| Interest level | 0 |
| Reading level | 0 |
| Title point value | 005_000000000000000_SCH |
| 526 ## - STUDY PROGRAM INFORMATION NOTE | |
| Program name | 0 |
| Interest level | 0 |
| Reading level | 0 |
| Title point value | 005_000000000000000_SCH |
| 526 ## - STUDY PROGRAM INFORMATION NOTE | |
| Program name | 0 |
| Interest level | 0 |
| Reading level | 0 |
| Title point value | 005_000000000000000_SCH |
| 526 ## - STUDY PROGRAM INFORMATION NOTE | |
| Program name | 0 |
| Interest level | 0 |
| Reading level | 0 |
| Title point value | 005_000000000000000_SCH |
| 526 ## - STUDY PROGRAM INFORMATION NOTE | |
| Program name | 0 |
| Interest level | 0 |
| Reading level | 0 |
| Title point value | 005_000000000000000_SCH |
| 526 ## - STUDY PROGRAM INFORMATION NOTE | |
| Program name | 0 |
| Interest level | 0 |
| Reading level | 0 |
| Title point value | 005_000000000000000_SCH |
| 526 ## - STUDY PROGRAM INFORMATION NOTE | |
| Program name | 0 |
| Interest level | 0 |
| Reading level | 0 |
| Title point value | 005_000000000000000_SCH |
| 526 ## - STUDY PROGRAM INFORMATION NOTE | |
| Program name | 0 |
| Interest level | 0 |
| Reading level | 0 |
| Title point value | 005_000000000000000_SCH |
| 526 ## - STUDY PROGRAM INFORMATION NOTE | |
| Program name | 0 |
| Interest level | 0 |
| Reading level | 0 |
| Title point value | 005_000000000000000_SCH |
| 526 ## - STUDY PROGRAM INFORMATION NOTE | |
| Program name | 0 |
| Interest level | 0 |
| Reading level | 0 |
| Title point value | 005_000000000000000_SCH |
| 526 ## - STUDY PROGRAM INFORMATION NOTE | |
| Program name | 0 |
| Interest level | 0 |
| Reading level | 0 |
| Title point value | 005_000000000000000_SCH |
| 526 ## - STUDY PROGRAM INFORMATION NOTE | |
| Program name | 0 |
| Interest level | 0 |
| Reading level | 0 |
| Title point value | 005_000000000000000_SCH |
| 526 ## - STUDY PROGRAM INFORMATION NOTE | |
| Program name | 0 |
| Interest level | 0 |
| Reading level | 0 |
| Title point value | 005_000000000000000_SCH |
| 526 ## - STUDY PROGRAM INFORMATION NOTE | |
| Program name | 0 |
| Interest level | 0 |
| Reading level | 0 |
| Title point value | 005_000000000000000_SCH |
| 526 ## - STUDY PROGRAM INFORMATION NOTE | |
| Program name | 0 |
| Interest level | 0 |
| Reading level | 0 |
| Title point value | 005_000000000000000_SCH |
| 526 ## - STUDY PROGRAM INFORMATION NOTE | |
| Program name | 0 |
| Interest level | 0 |
| Reading level | 0 |
| Title point value | 005_000000000000000_SCH |
| 526 ## - STUDY PROGRAM INFORMATION NOTE | |
| Program name | 0 |
| Interest level | 0 |
| Reading level | 0 |
| Title point value | 005_000000000000000_SCH |
| 526 ## - STUDY PROGRAM INFORMATION NOTE | |
| Program name | 0 |
| Interest level | 0 |
| Reading level | 0 |
| Title point value | 005_000000000000000_SCH |
| 526 ## - STUDY PROGRAM INFORMATION NOTE | |
| Program name | 0 |
| Interest level | 0 |
| Reading level | 0 |
| Title point value | 005_000000000000000_SCH |
| 650 ## - SUBJECT ADDED ENTRY--TOPICAL TERM | |
| Topical term or geographic name entry element | MCE |
| 9 (RLIN) | 379 |
| 942 ## - ADDED ENTRY ELEMENTS (KOHA) | |
| Source of classification or shelving scheme | |
| Koha item type | Book |
| Withdrawn status | Lost status | Source of classification or shelving scheme | Damaged status | Not for loan | Permanent Location | Current Location | Date acquired | Total Checkouts | Full call number | Barcode | Date last seen | Price effective from | Koha item type |
|---|---|---|---|---|---|---|---|---|---|---|---|---|---|
| Military College of Engineering (MCE) | Military College of Engineering (MCE) | 11/02/2015 | 005 SCH | MCE-16618 | 11/02/2015 | 11/02/2015 | Book | ||||||
| Military College of Engineering (MCE) | Military College of Engineering (MCE) | 11/02/2015 | 005 SCH | MCE-16619 | 11/02/2015 | 11/02/2015 | Book | ||||||
| Military College of Engineering (MCE) | Military College of Engineering (MCE) | 11/02/2015 | 005 SCH | MCE-16625 | 11/02/2015 | 11/02/2015 | Book | ||||||
| Military College of Engineering (MCE) | Military College of Engineering (MCE) | 11/02/2015 | 005 SCH | MCE-16586 | 11/02/2015 | 11/02/2015 | Book | ||||||
| Military College of Engineering (MCE) | Military College of Engineering (MCE) | 11/02/2015 | 005 SCH | MCE-16639 | 11/02/2015 | 11/02/2015 | Book | ||||||
| Military College of Engineering (MCE) | Military College of Engineering (MCE) | 11/02/2015 | 005 SCH | MCE-16637 | 11/02/2015 | 11/02/2015 | Book | ||||||
| Military College of Engineering (MCE) | Military College of Engineering (MCE) | 11/02/2015 | 005 SCH | MCE-16585 | 11/02/2015 | 11/02/2015 | Book | ||||||
| Military College of Engineering (MCE) | Military College of Engineering (MCE) | 11/02/2015 | 005 SCH | MCE-16569 | 11/02/2015 | 11/02/2015 | Book | ||||||
| Military College of Engineering (MCE) | Military College of Engineering (MCE) | 11/02/2015 | 005 SCH | MCE-16638 | 11/02/2015 | 11/02/2015 | Book | ||||||
| Military College of Engineering (MCE) | Military College of Engineering (MCE) | 11/02/2015 | 005 SCH | MCE-16629 | 11/02/2015 | 11/02/2015 | Book | ||||||
| Military College of Engineering (MCE) | Military College of Engineering (MCE) | 11/02/2015 | 005 SCH | MCE-16535 | 11/02/2015 | 11/02/2015 | Book | ||||||
| Military College of Engineering (MCE) | Military College of Engineering (MCE) | 11/02/2015 | 005 SCH | MCE-16581 | 11/02/2015 | 11/02/2015 | Book | ||||||
| Military College of Engineering (MCE) | Military College of Engineering (MCE) | 11/02/2015 | 005 SCH | MCE-16565 | 11/02/2015 | 11/02/2015 | Book | ||||||
| Military College of Engineering (MCE) | Military College of Engineering (MCE) | 11/02/2015 | 005 SCH | MCE-16601 | 11/02/2015 | 11/02/2015 | Book | ||||||
| Military College of Engineering (MCE) | Military College of Engineering (MCE) | 11/02/2015 | 005 SCH | MCE-16579 | 11/02/2015 | 11/02/2015 | Book | ||||||
| Military College of Engineering (MCE) | Military College of Engineering (MCE) | 11/02/2015 | 005 SCH | MCE-16571 | 11/02/2015 | 11/02/2015 | Book | ||||||
| Military College of Engineering (MCE) | Military College of Engineering (MCE) | 11/02/2015 | 005 SCH | MCE-16636 | 11/02/2015 | 11/02/2015 | Book | ||||||
| Military College of Engineering (MCE) | Military College of Engineering (MCE) | 11/02/2015 | 005 SCH | MCE-16572 | 11/02/2015 | 11/02/2015 | Book | ||||||
| Military College of Engineering (MCE) | Military College of Engineering (MCE) | 11/02/2015 | 005 SCH | MCE-16556 | 11/02/2015 | 11/02/2015 | Book | ||||||
| Military College of Engineering (MCE) | Military College of Engineering (MCE) | 08/20/2013 | 005 SCH | MCE-16576 | 08/20/2013 | 08/20/2013 | Book |
